Princípios fundamentais da história da Língua (Record no. 44695)

MARC details
000 -Etiqueta do registo
Valores 00664nam a22002171i 4500
100 ## - Dados gerais de processamento
Dados gerais 20020702d1970 m y0pory500305 ba
101 1# - Língua de publicação
Língua por
102 ## - País de publicação
País PT
200 1# - Titulo e menção de responsabilidade
Título próprio Princípios fundamentais da história da Língua
Primeira menção de responsabilidade Hermann Paul
Outras menções de responsabilidade Traduçao de Maria Luisa Schemann
210 #9 - Publicação
Local de publicação Lisboa
Nome do editor Fundaçao Calouste Gulbenkian
Data de publicação 1970
215 ## - Descrição física 
Paginação / Volumes 411, 3 p.
Dimensões 24 cm
300 ## - Notas gerais 
Texto da nota Tiragem 2000 ex.
304 ## - Nota relativa ao título
Texto de nota T. da o. orig. Prinzipien der Sprachgeschichte
675 ## - CDU
Notação 80
700 #1 - Autor principal
Apelido Paul,
Nome Hermann Otto Theodor,
Datas 1846-1921
702 #1 - Autor secundário
Apelido Schemann,
Nome Luiza,
Datas 1934-
Função 730
801 #0 - Fonte de origem
País PT
Agência BN
Regras de catalogação RPC
801 #1 - Fonte de origem
País FR
Agência JOUVE
Regras de catalogação RPC
990 ## - Elementos KOHA
Tipo de documento Livro
Holdings
Aquisição Empréstimo Código de barras Cota Permissão de empréstimo Tipo de documento Nota relativa ao exemplar
Biblioteca Municipal de Redondo Biblioteca Municipal de Redondo 054564 80 PAU   Livro depósito

Powered by Koha